Регионална библиотека "Любен Каравелов" - Русе

Пловдив (Запис номер 388586)

MARC детайли
000 -Лидер
Контролно поле с фиксирана дължина nkm a22 c 4500
003 - Код на организацията, давaща контролен номер
Контролно поле BLK
005 - Дата и час на последна редакция
Контролно поле 20200925121411.0
008 - Елементи от данни с фиксирана дължина
fixed length control field 180413b bul|||||r ||||||| ||bul||
040 ## - Източник на каталожния запис
Идентификатор на билиотеката - собственик на записа BLK
041 ## - Код за език
Код за езика на текст/звукозапис или на отделно заглавие Български
Код за езика КДБФ Български
080 ## - УДК
Текстов определител УДК Краезнание
УДК код - определител по УДК 908
УДК - код + определител 908(497.2)
100 ## - Редна дума - Автор
R(LIN) 434245
Автор Халачев, Константин
Авторска отговорност първи автор
139 ## - Редно поле
Редна дума Халачев, Константин
245 10 - Сведения за заглавието
Заглавие Пловдив
Подзаглавни данни Изобразителен материал : албум
Редно поле (дума) Константин Халачев ; встъп. статия от Андрей Колев
257 ## - Страна на издаване
Страна на създаване/издаване България
260 ## - Област на издателските данни
Място на издаване, разпространение и проч. София
Име на издателя, разпространителя и проч. София-пресс
Година на издаване 1969
9 (RLIN) 216188
300 ## - Физическа характеристика
Страници 1 албум (23 с. текст)
Илюстрации и др. 53 л. ил.
Размери/Мащаб 23Х24 см
380 ## - Жанр
Жанр История
650 #7 - Допълнително описание по предмет – тема
Основно описание – тема или топоним Краезнание
9 (RLIN) 159613
651 #7 - Допълнително описание по предмет - топоним
9 (RLIN) 179377
Географско понятие Пловдив
653 #7 - Ключова дума – ненормативна
9 (RLIN) 180586
Ключова дума албуми
700 ## - Други автори (авторска отговорност)
9 (RLIN) 496
Лично име Колев, Андрей
Автороска отговорност (Описва отношението между автора и произведението) встъп. статия
852 ## - Местоположение
Форматна сигнатура Цб 301072
Фондова буква Хранилище
856 4# - Електронен адрес и достъп
Електронен формат pdf - файл
Път до файла /url/
856 4# - Електронен адрес и достъп
Електронен формат pdf - файл
Път до файла /url/
999 ## - СИСТЕМНИ КОНТРОЛНИ НОМЕРА
Koha biblionumber 388586
Koha biblioitemnumber 388586
942 ## - АРТИКУЛИ
Вид на библиотечния материал Графични издания
Скрит в OPAC Не
Периодичен библиозапис Да
944 ## - СЪЗДАВАНЕ И РЕДАКЦИЯ на ЗАПИСА
Създаване/Редакция Създаване
Дата на регистрацията/редакция 2020-09-25
Служител, извършил регистрацията/редакцията НР
Наличности
Код за отписване Код за изгубен артикул Източник на класификационната схема Код за повреда Коз за рестрикции Код за отдаване Артикулен № Име на библиотеката - собственик Име на библиотеката, в която се намира в момента Статус (Текущо местоположение) Дата на вписване в системата Местоположение - отдел Цена в лева Инвентарен номер Систематично азбучна сигнатура Баркод Цена в евро Служебен тип на артикула
  Не е изгубен Universal Decimal Classification Не е повреден само за читалня ползва се в читалня 800509 Регионална библиотека "Любен Каравелов" Русе Регионална библиотека "Любен Каравелов" Русе Хранилище 2020-09-25 Хранилище 2.50 63012 Цб 301072 120000063012 1.28 Графични издания
Vip Innovations Ltd, Rousse, Bulgaria 2025